Türkiye'de çingene olmak (Record no. 1576)

MARC details
000 -BAŞLIK
Sabit Uzunlukta Kontrol Alanı 00820na a2200277 4500
001 - KONTROL NUMARASI
Denetim Alanı 13456
003 - KONTROL NUMARASI IDENTIFIER
Denetim Alanı MIRAKIL
005 - SON İŞLEM TARİHİ VE ZAMANI
Denetim Alanı 20181213154827.0
008 - SABİT-BOY VERİ ELEMANLARI - GENEL BİLGİLER
Sabit Uzunlukta Kontrol Alanı 161005b tu 000 0
020 ## - ULUSLARARASI STANDART KİTAP NUMARASI
Uluslararası Standart Kitap Numarası 9786055944148
035 ## - SİSTEM KONTROL NUMARASI
Sistem Kontrol Numarası 13456
040 ## - KATALOGLAMA KAYNAK
Orijinal Kataloglama Ajansı Milas
Kataloglama Dili tur
Metne Dönüştürmek Ajansı TR-AnCHP
082 ## - DEWEY ONLU SINIFLANDIRMA NUMARASI
Sınıflandırma Numarası 305.8914970561
Ürün Numarası A47t 2009
090 ## - SINIFLAMA NUMARASI
Sınıflama Numarası 305.8914970561 A47t 2009
100 ## - ANA GİRİŞ - KİŞİSEL İSİM
Kişisel Ad Aksu, Mustafa
245 ## - BAŞLIK TABLOSU
Başlık Türkiye'de çingene olmak
Sorumluluk Tablosu, Vb Mustafa Aksu
250 ## - EDITION TABLOSU
Baskı Beyanı gnşl. 3 bs.
260 ## - YAYIN, DAĞITIM, VB
Yayın, Dağıtım, Vb Yeri Ankara
Yayıncı, Dağıtıcı, Vs Adı Anekdot Yayınevi
Yayın, Dağıtım, Vb Tarihi 2009
300 ## - FİZİKSEL TANIM
Kapsam 196 s.
Boyutlar 22 sm.
440 ## - SERİSİ TABLOSU / KATMA GİRİŞİ - BAŞLIK
Başlık Anekdot Kitaplar
Bir İşin Parçası / Bölümün İsmi Düşünüyorum
Hacim / Ardışık Tanımı 1
650 ## - KONU KATMA GİRİŞ - TOPİKAL DÖNEM
Topikal Süreli Veya Coğrafi Ad Giriş Elemanı Etnik gruplar
Genel Alt Bölümü Romanlar
Coğrafi Alt Bölümü Türkiye
650 ## - KONU KATMA GİRİŞ - TOPİKAL DÖNEM
Topikal Süreli Veya Coğrafi Ad Giriş Elemanı Romanlar
Genel Alt Bölümü Sosyo ekonomik durum
Coğrafi Alt Bölümü Türkiye
650 ## - KONU KATMA GİRİŞ - TOPİKAL DÖNEM
Topikal Süreli Veya Coğrafi Ad Giriş Elemanı Çingeneler
Genel Alt Bölümü Sosyal durum
Coğrafi Alt Bölümü Türkiye
651 ## - KONU KATMA GİRİŞ - COĞRAFİ ADI
Coğrafi İsim Türkiye
Genel Alt Bölümü Etnik ilişkiler
942 ## - EKLENDİ GİRİŞ ELEMANLARI (KOHA)
Sınıflandırma Veya Raf Düzeni Kaynak
Koha Öğesi Türü Books
999 ## - SİSTEM KONTROL NUMARALARI (KOHA)
Koha Biblionumber 1576
Koha Biblioitemnumber 1576
Holdings
Kalıcı Konum Mevcut Konum Edinme Tarihi Edinim Kaynak Toplam Check-Out'Lar Tam Çağrı Numarası Barkod Tarih Son Görülme İtibaren Geçerli Fiyatlar Koha Öğesi Türü Kopya Sayısı
CHP Kütüphanesi CHP Kütüphanesi 08/14/2016 Bağış   305.8914970561 A47t 2009 000789 08/14/2016 08/14/2016 Books  
CHP Kütüphanesi CHP Kütüphanesi 10/11/2016 Bağış   305.8914970561 A47t 2009 002271 10/11/2016 10/11/2016 Books k.2